| 000 | 00544nam a2200181Ia 4500 | ||
|---|---|---|---|
| 003 | GCL | ||
| 005 | 20240530105129.0 | ||
| 008 | 140319s9999 xx 000 0 ara d | ||
| 040 |
_aGCL / _cGCL |
||
| 082 | 0 | 4 |
_aم _b415.103 _bف م |
| 100 | 1 | _aح . الفاخورى | |
| 245 | 1 | 0 |
_aمغنى اللبيب عن كتب الاعاريب / _cح . الفاخورى |
| 260 |
_a[بيروت ] : _bدار الجيل ، _c1991 |
||
| 300 |
_aمتعدد ؛ _b24 سم |
||
| 650 | 0 | 4 | _aالنحو |
| 650 | 0 | 4 | _aاللغة العربية |
| 942 |
_2ddc _cBK |
||
| 999 |
_c53400 _d53400 |
||